Dynastie des Mérovingiens - Statistiques

Statistiques générales
  • Ce quiz a été pris 89 fois
  • Le résultat moyen est 5 sur 18
Statistiques - réponses
Hint Réponse % Correct
Sujet de nombreuses légendes populaires dont une chanson sur ces sous-vêtements, reflétant son impact culturel. Dagobert Ier
(629 – 639)
65%
Parvient à réunifier les trois royaumes francs en 613. Clotaire II
(584 – 629)
49%
Édit de Paris (614) : Limite le pouvoir des nobles et renforce l'autorité royale. Clotaire II
(584 – 629)
46%
Après la mort de ses frères, il parvient à réunifier le royaume divisé de Clovis. Clotaire Ier
(511 – 561)
40%
Roi de Neustrie et de Bourgogne : Succède à Dagobert Ier dans ces régions. Clovis II
(639 – 657)
37%
Original : Peu de faits marquants sont enregistrés, illustrant le déclin de l'autorité royale mérovingienne. Childebert III le Juste
(695 – 711)
29%
Fils de Childéric Ier, il conquiert la majeure partie de la Gaule et se convertit au christianisme. Son royaume est partagé entre ses quatre fils à sa mort. Clovis Ier
(481 - 511)
29%
Son mariage déclenche une rivalité légendaire entre Brunehilde et Frédégonde, épouse de Chilpéric Ier, conduisant à des décennies de conflits. Sigebert Ier
(561 – 575)
28%
Son règne marque le début des "rois fainéants", où le pouvoir est détenu par les maires du palais. Clovis II
(639 – 657)
22%
Pacificateur : Tente de réconcilier ses neveux en guerre après la mort de ses frères. Gontran
(561 – 592)
22%
Sous son règne, le royaume franc atteint son apogée. Dagobert Ier
(629 – 639)
20%
Il ordonne l'exécution de son propre fils, Chramne, pour rébellion, montrant la dureté des luttes de pouvoir familiales. Clotaire Ier
(511 – 561)
18%
Il meurt empoisonné, probablement sur ordre de Frédégonde, continuant la chaîne de vengeances familiales. Childebert II
(575 – 596)
17%
Mariage avec Bathilde : Épouse une ancienne esclave anglo-saxonne qui devient régente. Clovis II
(639 – 657)
17%
Il est à l'origine de la loi salique, un code juridique qui exclut les femmes de la succession au trône, influençant la monarchie française pendant des siècles. Clovis Ier
(481 - 511)
15%
Fondation de l'abbaye de Saint-Denis : Il y est enterré, faisant de l'abbaye la nécropole royale. Dagobert Ier
(629 – 639)
14%
Il a tenté d'introduire de nouvelles lettres dans l'alphabet latin pour mieux transcrire le francique, montrant un intérêt pour la linguistique. Chilpéric Ier
(561 – 584)
11%
Vénéré comme saint par certains pour sa piété, il est l'un des rares rois mérovingiens à être canonisé. Gontran
(561 – 592)
9%
Aucun quiz correspondant
Distribution des résultats
% des personnes avec chaque résultat
Percentile par nombre de réponses
Votre historique - résultats
Vous n’avez pas pris ce quiz